Discurso leído en la ... apertura del curso académico de 1900 á 1901 en la Universidad Literaria de Granada [tema: La filosofía griega antes de Sócrates y medios empleados por este para restarurarla] / (Record no. 68552)

MARC details
000 -LEADER
campo de control de longitud fija 00726nam a22001815i 4500
001 - NÚMERO DE CONTROL
campo de control 68552
003 - IDENTIFICADOR DE NÚMERO DE CONTROL
campo de control ES-MaACL
005 - FECHA Y HORA DE LA ÚLTIMA TRANSACCIÓN
campo de control 20230906170314.0
007 - CAMPO FIJO DE DESCRIPCIÓN FÍSICA--INFORMACIÓN GENERAL
campo de control de longitud fija t|
008 - DATOS DE LONGITUD FIJA--INFORMACIÓN GENERAL
campo de control de longitud fija 960808s1900 sp ||||1| spa d
040 ## - FUENTE DE CATALOGACIÓN
Centro catalogador/agencia de origen CAM
Lengua de catalogación spa
Centro/agencia transcriptor CAM
100 1# - ENTRADA PRINCIPAL--NOMBRE DE PERSONA
Nombre de persona Garrido y Osorio, Manuel.
9 (RLIN) 55733
245 10 - MENCIÓN DEL TÍTULO
Título Discurso leído en la ... apertura del curso académico de 1900 á 1901 en la Universidad Literaria de Granada [tema: La filosofía griega antes de Sócrates y medios empleados por este para restarurarla] /
Mención de responsabilidad, etc. por ... Manuel Garrido y Osorio ...
260 ## - PUBLICACIÓN, DISTRIBUCIÓN, ETC.
Lugar de publicación, distribución, etc. Granada :
Nombre del editor, distribuidor, etc. [s.n.],
Fecha de publicación, distribución, etc. 1900 (
Fabricante Indalecio Ventura)
300 ## - DESCRIPCIÓN FÍSICA
Extensión 55 p. ;
Dimensiones 32 cm.
710 2# - ENTRADA AGREGADA--NOMBRE DE ENTIDAD CORPORATIVA
Nombre de entidad corporativa o nombre de jurisdicción como elemento de entrada Universidad Literaria de Granada.
9 (RLIN) 153703
852 ## - LOCALIZACIÓN
Ubicación ES-MaACL
Número de control de estantería T-1022-F-7
Holdings
Estatus retirado Estado de pérdida Estado de daño No para préstamo Colección Biblioteca de origen Biblioteca actual Ubicación en estantería Fecha de adquisición Fuente de adquisición Total de préstamos Signatura topográfica completa Código de barras Visto por última vez Precio de reemplazo Tipo de ítem Koha
        Colección de folletos Biblioteca del Ateneo de Madrid Biblioteca del Ateneo de Madrid Depósito folletos 17/01/2008     T-1022-F-7 1071764 23/02/2023 23/02/2023 Folleto